Mots à l'envers (50 mots) - Statistiques

Statistiques générales
  • Ce quiz a été pris 242 fois
    204 depuis la dernière actualisation
  • Le résultat moyen est 7 sur 10
Statistiques - réponses
Mot à l'endroit Mot à l'envers % Correct
Miel Leim
88%
Bars Srab
88%
Persil Lisrep
87%
Chagrin Nirgahc
83%
Citerne Enretic
81%
Graveur Ruevarg
81%
Brûler Relûrb
80%
Câbles Selbâc
80%
Cheville Ellivehc
79%
Lave Eval
78%
Gong Gnog
78%
Reculer Relucer
77%
Semis Simes
76%
Jument Tnemuj
76%
Antigel Legitna
75%
Flottant Tnattolf
75%
Client Tneilc
75%
Mars Sram
74%
Cabaret Terabac
73%
Vice Eciv
72%
Poing Gniop
71%
Motel Letom
71%
Raison Nosiar
71%
Verdict Tcidrev
71%
Mental Latnem
70%
Malade Edalam
69%
Microbe Eborcim
68%
Relier Reiler
68%
Pizza Azzip
67%
Ville Elliv
67%
Noyer Reyon
67%
Aucun Nucua
65%
Gestuel Leutseg
64%
Moto Otom
63%
Acheter Retehca
63%
Adopter Retpoda
63%
Terminal Lanimret
62%
Cadran Nardac
61%
Profondeur Ruednoforp
61%
Osier Reiso
59%
Tronc Cnort
58%
Porteur Ruetrop
57%
Courbe Ebruoc
53%
Riche Ehcir
53%
Cible Elbic
53%
Flaque Euqalf
53%
Battu Uttab
53%
Banane Enanab
50%
Chemise Esimehc
47%
Vagabond Dnobagav
42%
Aucun quiz correspondant
Distribution des résultats
% des personnes avec chaque résultat
Percentile par nombre de réponses
Votre historique - résultats
Vous n’avez pas pris ce quiz depuis la dernière actualisation